Comuni della Provincia di Brindisi - Statistics

Statistiche generali
  • Questo quiz è stato fatto 84 volte
  • Il punteggio medio è 13 su 20
Statistiche sulle risposte
Comune % Corretto
Brindisi
100%
Mesagne
83%
Ostuni
83%
Fasano
78%
Francavilla Fontana
75%
Latiano
70%
Oria
70%
Cellino San Marco
68%
Erchie
68%
Ceglie Messapica
65%
Torre Santa Susanna
65%
San Vito dei Normanni
63%
Carovigno
58%
San Pancrazio Salentino
55%
Cisternino
53%
San Michele Salentino
53%
San Donaci
50%
San Pietro Vernotico
50%
Villa Castelli
43%
Torchiarolo
40%
Nessun quiz corrispondente trovato
Distribuzione punteggi
Percentuale di utenti per punteggio
Percentile per numero di risposta
I tuoi punteggi nel tempo
Non hai fatto questo quiz